[Event "Cherepovets"]
[Site "Cherepovets"]
[Date "1997.??.??"]
[Round "4"]
[White "Bratchenko, Alexander"]
[Black "Grechihin, Valery"]
[Result "0-1"]
[WhiteElo "2390"]
[BlackElo "2490"]

1.e4 c5 2.Nf3 Nc6 3.Bb5 g6 4.O-O Bg7 5.c3 Nf6 6.Re1 O-O 7.d4 cxd4 8.cxd4 d5
9.e5 Ne4 10.Nc3 Nxc3 11.bxc3 Bd7 12.Bd3 Rc8 13.Ng5 h6 14.Nxf7 Kxf7 15.e6+ Bxe6
16.Rxe6 Kxe6 17.Qg4+ Kd6 18.Qxg6+ Kc7 19.Qxg7 Qd6 20.g3 Rf6 21.Bf4 Rxf4 22.gxf4 Qa3
23.Rd1 Qxc3 24.Bb5 Qf3 25.Re1 Kb6 26.Bxc6 Rxc6 27.Qg3 Rc3 28.Qxf3 Rxf3 29.Rxe7 Rxf4
30.Re6+ Kb5 31.Rxh6 Kc4 32.Rh7 b5 33.Rxa7 Kxd4 34.Kg2 Kc3 35.Kg3 Rc4 36.h4 d4
37.h5 d3 38.h6 d2 39.h7 Rc8 40.Rc7+ Rxc7 41.h8=Q+ Kc2  0-1

[Event "Cherkessk"]
[Site "Cherkessk"]
[Date "1997.??.??"]
[Round "3"]
[White "Beshukov, Sergei"]
[Black "Nadyrhanov, S."]
[Result "1/2-1/2"]
[WhiteElo "2435"]
[BlackElo "2480"]

1.e4 c5 2.Nf3 Nc6 3.Bb5 g6 4.O-O Bg7 5.c3 Nf6 6.Re1 O-O 7.h3 e5 8.d3 d6 9.Nbd2 Ne8
10.Nf1 Nc7 11.Ba4 h6 12.Ng3 Kh7 13.Nh2 Ne6 14.Bc2 Ne7 15.h4 f5 16.h5 f4 17.hxg6+ Kxg6
18.Nf5 Ng5 19.Nxg7 Kxg7 20.b3 h5 21.d4 Ng6 22.dxc5 dxc5 23.Qxd8 Rxd8 24.Ba3 b6
25.Rad1 Bb7  1/2-1/2

[Event "Chicago op"]
[Site "Chicago"]
[Date "1997.??.??"]
[Round "1"]
[White "Palos, Osman"]
[Black "Dorsch, Thomas"]
[Result "1-0"]
[WhiteElo "2365"]
[BlackElo "2125"]

1.e4 c5 2.Nf3 Nc6 3.Bb5 e6 4.O-O Nge7 5.Re1 a6 6.Bxc6 Nxc6 7.Nc3 d6 8.d4 cxd4
9.Nxd4 Be7 10.Nxc6 bxc6 11.Qg4 Bf6 12.e5 dxe5 13.Ne4 Bb7 14.Rd1 Qe7 15.Be3 h5
16.Qg3 c5 17.Bxc5 Qc7 18.Nxf6+ gxf6 19.Qg7 Qxc5 20.Qxh8+ Ke7 21.Qg7 Qc6 22.Rd2 Qe4
23.Rad1 Bc6 24.b3 h4 25.h3 a5 26.Rd3 Qe2 27.Qh7 e4 28.R3d2 Qb5 29.Qh6 Rg8
30.Qf4 e5 31.Qe3 Rg6 32.a4 Qb4 33.c3 Qb7 34.Qc5+  1-0

[Event "Chicago op"]
[Site "Chicago"]
[Date "1997.??.??"]
[Round "6"]
[White "Schiller, Eric"]
[Black "Karklins, Andrew"]
[Result "0-1"]
[WhiteElo "2210"]
[BlackElo "2335"]

1.e4 c5 2.Nf3 Nc6 3.Bb5 e5 4.c3 a6 5.Bxc6 dxc6 6.Nxe5 Qg5 7.d4 Qxg2 8.Qf3 Qxf3
9.Nxf3 Nf6 10.e5 Nd5 11.Rg1 cxd4 12.Nxd4 c5 13.Nc2 Be6 14.c4 Ne7 15.b3 Ng6
16.f4 Be7 17.Be3 Bf5 18.Nba3 O-O-O 19.Rd1 f6 20.e6 Bxe6 21.Kf2 Bf5 22.Rge1 Be4
23.Bc1 f5 24.Rxd8+ Rxd8 25.Re2 Bh4+ 26.Ke3 Rd3+  0-1

[Event "Capablanca 32th Premier-A"]
[Site "Cienfuegos"]
[Date "1997.??.??"]
[Round "1"]
[White "Rohl, Juan"]
[Black "Rodriguez, Pedro"]
[Result "0-1"]
[WhiteElo "2415"]
[BlackElo "2385"]

1.e4 c5 2.Nf3 Nc6 3.Bb5 g6 4.Bxc6 dxc6 5.h3 Nf6 6.d3 Bg7 7.Nc3 O-O 8.Be3 b6
9.Qd2 Re8 10.O-O e5 11.Bh6 Nh5 12.Bxg7 Kxg7 13.Ne2 Qf6 14.Nh2 Nf4 15.Nxf4 exf4
16.Nf3 Qxb2 17.Qxf4 Qxc2 18.Rfe1 Be6 19.d4 cxd4 20.Nxd4 Qc5 21.e5 Rad8 22.Qf6+ Kg8
23.Nxe6 fxe6 24.Rac1 Qd5 25.Rcd1 Qxd1 26.Rxd1 Rxd1+ 27.Kh2 Rd7 28.Qf3 c5
29.Qc6 Ree7 30.h4 Rc7 31.Qe4 c4 32.h5 gxh5 33.Qa8+ Kg7 34.Qf3 c3 35.Qf6+ Kg8
36.Qg5+ Kf8 37.Qh6+ Ke8 38.Qxh5+ Kd8 39.Qd1+ Red7 40.Qf3 Re7 41.Qd3+ Kc8
42.Qc2 Red7 43.Qe4 Kb8 44.Qc2 Rd2  0-1

[Event "Capablanca mem mixed"]
[Site "Cienfuegos"]
[Date "1997.??.??"]
[Round "8"]
[White "Fierro Baquero, Martha Lorena"]
[Black "Ross, David"]
[Result "0-1"]
[WhiteElo "2205"]
[BlackElo "2340"]

1.e4 c5 2.Nf3 Nc6 3.Bb5 g6 4.c3 Qb6 5.Qe2 Bg7 6.O-O a6 7.Ba4 d6 8.d4 Bd7
9.d5 Ne5 10.Bxd7+ Nxd7 11.Bf4 Ngf6 12.a4 O-O 13.Na3 Qc7 14.h3 b6 15.Bh2 Qb7
16.Nd2 Ne8 17.f4 Nc7 18.Nac4 b5 19.Na5 Qb6 20.Nc6 e6 21.axb5 exd5 22.Ne7+ Kh8
23.Nxd5 Nxd5 24.exd5 axb5 25.Rxa8 Rxa8 26.Qe7 Nf6 27.f5 c4+ 28.Kh1 Ra7 29.Qe2 Qd8
30.fxg6 hxg6 31.Qf3 Qa8 32.Ne4 Nxe4 33.Qxe4 Ra1 34.Qh4+ Kg8 35.Rxa1 Qxa1+
36.Bg1 Be5 37.Qf2 Qd1 38.Qb6 Qxd5 39.Qb8+ Kg7 40.Qb6 Kh7 41.Qb8 g5 42.Qc8 Kh6
43.h4 Qe6 44.hxg5+ Kg7 45.Qb7 Qg4 46.Qf3 Qxg5 47.Be3 Qh4+  0-1

[Event "Capablanca mem mixed"]
[Site "Cienfuegos"]
[Date "1997.??.??"]
[Round "8"]
[White "Arribas, Maritza"]
[Black "Hernandez, Tania"]
[Result "1-0"]
[WhiteElo "2270"]
[BlackElo "2195"]

1.e4 c5 2.Nf3 Nc6 3.Bb5 g6 4.O-O Bg7 5.Nc3 d6 6.h3 e5 7.d3 Ne7 8.Bg5 O-O
9.Qd2 f6 10.Bh6 Be6 11.Bxc6 bxc6 12.Bxg7 Kxg7 13.Nh2 Rb8 14.b3 Qa5 15.f4 exf4
16.Rxf4 d5 17.Qe1 Qc7 18.Rf2 Rbe8 19.Re2 Bf7 20.Qf2 c4 21.Rae1 cxd3 22.cxd3 dxe4
23.Nxe4 Nd5 24.Ng4 Be6 25.Nc5 Bxg4 26.Rxe8 Rxe8 27.Rxe8 Kf7 28.Re1 Bf5 29.Ne4 Nf4
30.Qd4 Bxe4 31.Qxe4 Qb6+ 32.d4 Nd5 33.Qe8+ Kg7 34.Qd7+ Kh6 35.Re4 g5 36.h4 Nf4
37.Re7  1-0

[Event "Capablanca 32th Premier-B"]
[Site "Cienfuegos"]
[Date "1997.??.??"]
[Round "13"]
[White "Galego, Luis"]
[Black "Hernandez, Roman"]
[Result "1-0"]
[WhiteElo "2480"]
[BlackElo "2430"]

1.e4 c5 2.Nf3 Nc6 3.Bb5 g6 4.O-O Bg7 5.Bxc6 dxc6 6.d3 Nf6 7.Re1 O-O 8.Nc3 Ne8
9.h3 e5 10.Be3 b6 11.Qd2 Nc7 12.Bh6 Bxh6 13.Qxh6 f6 14.Qd2 Ne6 15.Ne2 a5
16.a4 Ra7 17.b3 Rg7 18.Nh2 f5 19.Qc3 fxe4 20.dxe4 Nd4 21.Nxd4 cxd4 22.Qxc6 Qg5
23.Nf3 Rxf3 24.Qxc8+ Rf8 25.Qe6+ Rgf7 26.Re2 Qf6 27.Qxf6 Rxf6 28.Rb1 Rc8
29.b4 axb4 30.Rxb4 Rc5 31.Kf1 Kf7 32.Ke1 Rfc6 33.Kd1 Ke6 34.Rd2 Kd6 35.h4 Ke6
36.Rb3 Rc4 37.Ra3 R6c5 38.Rb3 Ra5 39.Rb2 Ra6 40.Rd3 Kd6 41.h5 g5 42.h6 Rcxa4
43.Rg3 Ra2 44.Rxa2 Rxa2 45.Kd2 b5 46.Rxg5 Kc5 47.Rg3 Kc4 48.Rf3 b4 49.Rf7 d3
50.Rc7+ Kd4 51.Rd7+ Kxe4 52.f3+ Kf5 53.Kxd3 Ra3+ 54.Kd2 b3 55.Rxh7 bxc2 56.Rg7 Rc3
57.Kc1  1-0

[Event "Copenhagen-ch"]
[Site "Copenhagen"]
[Date "1997.??.??"]
[Round "8"]
[White "El Kher, Henrik"]
[Black "Holm Petersen, Sejer"]
[Result "1-0"]
[WhiteElo "2270"]
[BlackElo "2345"]

1.e4 c5 2.Nf3 Nc6 3.Bb5 d6 4.O-O a6 5.Bxc6+ bxc6 6.h3 e5 7.c3 Nf6 8.d4 cxd4
9.cxd4 exd4 10.Qxd4 Be7 11.b3 O-O 12.Bb2 c5 13.Qc3 Re8 14.Nbd2 Bf8 15.Rfe1 Bb7
16.Qc2 h6 17.Rad1 Re6 18.e5 Nd5 19.exd6 Nb4 20.Qf5 g6 21.Qb1 Rxd6 22.Ba1 Nd3
23.Rf1 Bg7 24.Bxg7 Kxg7 25.Nc4 Bxf3 26.Nxd6 Qg5 27.g3 Nf4 28.Ne4 Nxh3+ 29.Kh2 Qh5
30.Qb2+ Kf8 31.Qh8+ Ke7 32.Qf6+ Kf8 33.Rd8+ Rxd8 34.Qxd8+ Kg7 35.Qh4 Qd5
36.Qf6+ Kg8 37.Qxf3  1-0

[Event "Cseppko op"]
[Site "Cseppko"]
[Date "1997.??.??"]
[Round "4"]
[White "Zetocha, Claudiu"]
[Black "Simon, Nandor"]
[Result "1-0"]
[WhiteElo "2360"]
[BlackElo "2080"]

1.e4 c5 2.Nf3 Nc6 3.Bb5 g6 4.O-O Bg7 5.Re1 Nf6 6.c3 O-O 7.d4 cxd4 8.cxd4 d5
9.e5 Ne4 10.Nc3 Bf5 11.Nh4 Nxc3 12.bxc3 Bd7 13.Bd3 e6 14.Nf3 Na5 15.Bg5 Qe8
16.Rc1 Bb5 17.Bc2 Rc8 18.Qd2 Bc4 19.Bb1 Qd7 20.h4 Rc7 21.h5 Rfc8 22.Nh2 Bb5
23.Ng4 Nc4 24.Qf4 Qe8 25.Bd3 Na3 26.Re3 Rxc3 27.Rxc3 Rxc3 28.Bxb5 Nxb5 29.Bh6 Qf8
30.a4 Rxe3 31.Qxe3 Nc7 32.Bxg7 Qxg7 33.Nf6+ Kh8 34.Qc1  1-0

[Event "Cseppko op"]
[Site "Cseppko"]
[Date "1997.??.??"]
[Round "8"]
[White "Cynolter Bognarne, Erzsebet"]
[Black "Horvath, Csaba"]
[Result "1-0"]
[WhiteElo "2165"]
[BlackElo "2485"]

1.e4 c5 2.Nf3 Nc6 3.Bb5 g6 4.O-O Bg7 5.c3 d5 6.Qa4 Qd7 7.exd5 Qxd5 8.c4 Qd6
9.Bxc6+ bxc6 10.Nc3 Nf6 11.d3 Bg4 12.Bf4 Qd8 13.Qxc6+ Nd7 14.Ne5 Rc8 15.Qa4 O-O
16.Nxg4 e5 17.Bh6 f5 18.Bxg7 Kxg7 19.Ne3 f4 20.Ned5 f3 21.Ne3 e4 22.Nxe4 Ne5
23.Rad1 Rc6 24.Qc2 fxg2 25.Kxg2 Nf3 26.Rh1 Qh4 27.h3 Qf4 28.Qe2 h5 29.Nd5 Qf7
30.Qe3 Re6 31.Qf4 Qb7 32.Qc7+  1-0

[Event "Union de Reyes"]
[Site "CUB"]
[Date "1997.??.??"]
[Round "?"]
[White "Perez, Rodney"]
[Black "Lopez, Carlos Manuel"]
[Result "0-1"]
[WhiteElo "2385"]
[BlackElo "2400"]

1.e4 c5 2.Nf3 Nc6 3.Bb5 e6 4.O-O Nge7 5.Re1 a6 6.Bxc6 Nxc6 7.Nc3 d6 8.d4 cxd4
9.Nxd4 Be7 10.Nxc6 bxc6 11.e5 d5 12.Qg4 h5 13.Qg3 h4 14.Qg4 h3 15.g3 Rb8
16.a3 c5 17.Ne2 Qa5 18.c3 Qa4 19.b4 cxb4 20.cxb4 Rxb4 21.axb4 Qxa1 22.Bd2 Qxe5
23.Nd4 Qf6 24.Bg5 e5 25.Bxf6 Bxg4 26.Bxe5 Kd7 27.f3 Be6 28.Rc1 Bd6 29.Bxd6 Kxd6
30.Kf2 Rb8 31.Rc6+ Kd7 32.Rxa6 Rxb4 33.Ra7+ Kd6 34.Ra6+ Kc5 35.Nxe6+ fxe6
36.Rxe6 Rb2+ 37.Re2 Rxe2+ 38.Kxe2 Kc4 39.f4 Kd4 40.Kd2 Kc4 41.Ke2 d4  0-1

[Event "Union de Reyes"]
[Site "CUB"]
[Date "1997.??.??"]
[Round "?"]
[White "Gonzalez, Renier"]
[Black "Marichal, Ariel"]
[Result "1/2-1/2"]
[WhiteElo "2385"]
[BlackElo "2010"]

1.e4 c5 2.Nf3 Nc6 3.Bb5 e6 4.O-O Nge7 5.c3 a6 6.Ba4 b5 7.Bc2 Bb7 8.d4 cxd4
9.Nxd4 Rc8 10.Nb3 Ng6 11.Be3 Nce5 12.N1d2 Be7 13.f4 Nc4 14.Nxc4 bxc4 15.Nd4 O-O
16.Qh5 Bc5 17.Rad1 Qe7 18.Kh1 f5 19.Rf3 Qh4 20.Qxh4 Nxh4 21.Rh3 Be7 22.Bf2 Ng6
23.exf5 Nxf4 24.Rg3 Bh4 25.Kg1 Bxg3 26.hxg3 Nd3 27.Bxd3 cxd3 28.fxe6 dxe6
29.Nxe6 Rf6 30.Nf4 Be4 31.Bd4 Rf7 32.Nxd3 Bxd3 33.Rxd3 Re8 34.Be3 Rb7 35.b4 Kf7
36.Kf2 Ke6 37.a4 Rd7 38.Bd4 Rf7+ 39.Rf3 Rxf3+ 40.gxf3 g6 41.g4 Kd5 42.a5 Rf8
43.Kg3  1/2-1/2

[Event "Union de Reyes"]
[Site "CUB"]
[Date "1997.??.??"]
[Round "?"]
[White "Gonzalez, Renier"]
[Black "Lopez, Carlos Manuel"]
[Result "0-1"]
[WhiteElo "2385"]
[BlackElo "2400"]

1.e4 c5 2.Nf3 Nc6 3.Bb5 e6 4.Bxc6 bxc6 5.b3 Ne7 6.O-O Ng6 7.Re1 Be7 8.c4 e5
9.d3 O-O 10.Nbd2 d6 11.Nf1 f5 12.h3 f4 13.a3 a5 14.Bd2 Be6 15.Qe2 Qd7 16.b4 axb4
17.axb4 cxb4 18.Bxb4 c5 19.Bc3 Rfb8 20.Reb1 h6 21.N1d2 Bd8 22.Rxb8 Rxb8 23.Nb1 Ne7
24.Be1 Nc6 25.Nc3 g5 26.Nb5 h5 27.Bc3 g4 28.hxg4 hxg4 29.Nh2 Be7 30.Ra6 Kf7
31.Qd1 Rh8 32.Qa4 Qb7 33.Nf1 Kf6 34.Nxd6 Qb1 35.Qa1 Qxa1 36.Bxa1 Nb4 37.Rb6 Nxd3
38.Nf5 Ra8 39.Nxe7 Kxe7 40.Rb1 Bxc4 41.Bc3 Ra3 42.Bd2 Ra2 43.Rd1 Ba6  0-1

[Event "Union de Reyes"]
[Site "CUB"]
[Date "1997.??.??"]
[Round "?"]
[White "De la Paz, Frank"]
[Black "Marichal, Ariel"]
[Result "1-0"]
[WhiteElo "2395"]
[BlackElo "2010"]

1.e4 c5 2.Nf3 Nc6 3.Bb5 e6 4.Bxc6 bxc6 5.b3 d5 6.Qe2 Be7 7.Bb2 Nf6 8.d3 O-O
9.O-O a5 10.Nc3 Ba6 11.Nd2 Qc7 12.f4 d4 13.Nd1 Nd7 14.a4 Rae8 15.Nc4 Bxc4
16.dxc4 e5 17.f5 Bg5 18.Kh1 Qd6 19.Nf2 g6 20.Nd3 Bf4 21.g3 Be3 22.Ba3 Kh8
23.Rf3 Rg8 24.Rd1 gxf5 25.Rxf5 Re6 26.Rxf7 Rh6 27.Qf3 Qe6 28.Rf5 Nf6 29.Nxe5 Rxg3
30.Qxg3  1-0

[Event "Union de Reyes"]
[Site "CUB"]
[Date "1997.??.??"]
[Round "?"]
[White "Blanco Fernandez, Alvaro"]
[Black "Gonzalez, Renier"]
[Result "1-0"]
[WhiteElo "2365"]
[BlackElo "2385"]

1.e4 c5 2.Nf3 Nc6 3.Bb5 Nf6 4.Nc3 d6 5.d4 cxd4 6.Qxd4 Bd7 7.Bxc6 Bxc6 8.Bg5 e6
9.O-O-O Be7 10.Rhe1 O-O 11.Kb1 Qc7 12.Qd2 Rfd8 13.Nd4 Be8 14.f3 b5 15.g4 b4
16.Nce2 a5 17.Ng3 Rdc8 18.Nh5 Qd8 19.h4 Ba4 20.Bxf6 Bxf6 21.Nxf6+ Qxf6 22.g5 Qe5
23.f4 Qc5 24.f5 Qe5 25.h5 Ra7 26.g6 hxg6 27.hxg6 fxg6 28.Qg2 Rc4 29.Qg5 Ra8
30.Qxg6 Rxd4 31.Rxd4 Qxd4 32.Qxe6+ Kf8 33.Rh1  1-0

[Event "Cutro"]
[Site "Cutro"]
[Date "1997.??.??"]
[Round "?"]
[White "Borgo, Giulio"]
[Black "Cabrilo, Goran"]
[Result "1/2-1/2"]
[WhiteElo "2390"]
[BlackElo "2475"]

1.e4 c5 2.Nf3 Nc6 3.Bb5 g6 4.O-O Bg7 5.Bxc6 dxc6 6.d3 b6 7.Re1 e5 8.Nc3 Ne7
9.a3 a5 10.Na4 O-O 11.Be3 Ra6 12.Qb1 Bg4 13.Nd2 Qa8 14.c4 Nc8 15.Qc2 Rd8
16.b3 Bf8 17.Nf1 Qb8 18.h3 Be6 19.Rad1 Ra7 20.Nh2 Bg7 21.Ng4 f6 22.Qe2 Rf8
23.Nh2 Qd6 24.Qc2 Qd8 25.Rb1 Rff7 26.b4 axb4  1/2-1/2

[Event "CZE-chT1a 9697"]
[Site "CZE"]
[Date "1997.??.??"]
[Round "?"]
[White "Hallerova, Eva"]
[Black "Vozka, Pavel"]
[Result "1/2-1/2"]
[WhiteElo "2155"]
[BlackElo "2275"]

1.e4 c5 2.Nf3 Nc6 3.Bb5 g6 4.O-O Bg7 5.c3 Nf6 6.Re1 O-O 7.d4 cxd4 8.cxd4 d5
9.e5 Ne4 10.Nbd2 Bf5 11.Bxc6 bxc6 12.Nh4 Be6 13.Nb3 a5 14.Be3 a4 15.Nc1 f5
16.Nd3 g5 17.f3 f4 18.Bc1 Qb6 19.Nxf4 gxf4 20.fxe4 Bxe5 21.Nf3 Bg4 22.exd5 Bxf3
23.Qxf3 Qxd4+ 24.Kh1 cxd5 25.Bd2 Qxd2 26.Rxe5 Rac8 27.h3 Rc1+ 28.Rxc1 Qxc1+
29.Kh2 Qxb2 30.Rxe7 Qf6 31.Rd7 d4 32.Qh5 Rf7 33.Qd5 f3 34.gxf3 Qf4+ 35.Kg2 Qd2+
36.Kg3 Qf4+ 37.Kg2 Qd2+ 38.Kg3 Qe1+ 39.Kg2 Qe2+ 40.Kg3 Qe1+  1/2-1/2

[Event "CZE-chT2 9697"]
[Site "CZE"]
[Date "1997.??.??"]
[Round "?"]
[White "Reznicek, Tomas"]
[Black "Nun, Josef"]
[Result "1-0"]
[WhiteElo "2285"]
[BlackElo "2305"]

1.e4 c5 2.Nf3 Nc6 3.Bb5 g6 4.Bxc6 dxc6 5.h3 Bg7 6.d3 Nf6 7.Nc3 O-O 8.Be3 b6
9.Qd2 Ba6 10.Bh6 c4 11.d4 b5 12.Bxg7 Kxg7 13.e5 Nd5 14.Ne4 Bc8 15.O-O Qb6
16.a3 Bf5 17.Nc5 Rad8 18.c3 a5 19.Rfe1 Nc7 20.Qf4 Ne6 21.Nxe6+ Bxe6 22.Qh4 Qc7
23.Ng5 h6 24.Ne4 Bd5 25.Nc5 g5 26.Qg3 Kh7 27.Re2 Rg8 28.Qg4 e6 29.f3 Qe7
30.Ne4 Rg6 31.Nf6+ Kg7 32.Rf1 c5 33.Rd2 b4 34.axb4 axb4 35.dxc5 Qxc5+ 36.Qd4 Qxd4+
37.Rxd4 bxc3 38.Nh5+ Kh7 39.bxc3 Ra8 40.Rd2 Kh8 41.Nf6 Ra3 42.Rc1 Ra5 43.Rb1 Kg7
44.Nh5+ Kf8 45.Rb8+ Ke7 46.Kf2 Ra3 47.Rc2 Ra5 48.Re2 Ra3 49.Rc2 Ra5 50.Rh8 Bc6
51.Re2 Ra3 52.Re3 Ra2+ 53.Kg3 Rd2 54.Nf6 Rd8 55.Rxd8 Kxd8 56.Kg4 Ke7 57.Kh5 Rxf6
58.exf6+ Kxf6 59.Kxh6 Bd5 60.Re2 Kf5 61.Kg7 e5 62.Rd2 Ke6 63.Ra2 e4 64.Re2 Kf5
65.fxe4+ Bxe4 66.Kxf7 Bd3 67.Re7 Bf1 68.Rc7 Bxg2 69.Rc5+ Ke4 70.Rxc4+ Kf5
71.Rc5+ Kf4 72.Kf6 Bxh3 73.Rxg5 Ke4 74.c4  1-0

[Event "MSS-ch"]
[Site "CZE"]
[Date "1997.??.??"]
[Round "?"]
[White "Klima, Lukas"]
[Black "Amerling, Miroslav"]
[Result "1-0"]
[WhiteElo "2235"]
[BlackElo "2005"]

1.e4 c5 2.Nf3 Nc6 3.Bb5 g6 4.O-O Bg7 5.Re1 e5 6.c3 Nge7 7.d4 cxd4 8.cxd4 Nxd4
9.Nxd4 exd4 10.Bf4 Qb6 11.Na3 O-O 12.Rc1 Nc6 13.Qd2 Ne5 14.Bf1 d6 15.Nb5 Be6
16.b3 Rac8 17.Kh1 Rxc1 18.Rxc1 Rc8 19.Rxc8+ Bxc8 20.f3 Bd7 21.Qxd4 Qxd4 22.Nxd4 a6
23.Nc2 f5 24.Ne3 fxe4 25.fxe4 Kf7 26.g3 Be6 27.Kg2 Ke7 28.Be2 Kd7 29.Bxe5 Bxe5
30.Bg4 Bxg4 31.Nxg4 Bd4 32.Kf3 Ke6 33.h3 d5 34.exd5+ Kxd5 35.Kf4 Ke6 36.Ke4 Bb6
37.Nh2 Bc7 38.Nf1 Bd6 39.g4 Bc5 40.Nd2 Bg1 41.Nf3 Bf2 42.Ng5+ Kd6 43.Nxh7  1-0

[Event "MSS-ch"]
[Site "CZE"]
[Date "1997.??.??"]
[Round "?"]
[White "Kubala, Petr"]
[Black "Holemar, David"]
[Result "1/2-1/2"]
[WhiteElo "2305"]
[BlackElo "2100"]

1.e4 c5 2.Nf3 Nc6 3.Bb5 g6 4.O-O Bg7 5.Re1 Nf6 6.c3 O-O 7.d4 d5 8.exd5 Qxd5
9.c4 Qh5 10.Bxc6 bxc6 11.Re5 Qg4 12.Rxc5 Ne4 13.Rxc6 Qd7 14.Qa4 a6 15.d5 Bb7
16.Qc2 Bxc6 17.Qxe4 Bb7 18.Nc3 e6 19.Be3 exd5 20.Nxd5 Bxd5 21.cxd5 Bxb2 22.Rd1 Rfe8
23.Qh4 Qf5 24.Qa4 Bf6 25.h3 Reb8 26.Qc6 Rc8 27.Qb7 Rcb8 28.Qc6 Rc8 29.Qb7 Rcb8  1/2-1/2

[Event "MSS-ch"]
[Site "CZE"]
[Date "1997.??.??"]
[Round "?"]
[White "Obrdlik, Rostislav"]
[Black "Fuchs, Ludek"]
[Result "1/2-1/2"]
[WhiteElo "1970"]
[BlackElo "1840"]

1.e4 c5 2.Nf3 Nc6 3.Bb5 g6 4.Bxc6 dxc6 5.O-O Bg7 6.Re1 Nf6 7.d3 O-O 8.Nc3 Qc7
9.Be3 b6 10.h3 Rd8 11.b3 Nd5 12.Nxd5 cxd5 13.e5 d4 14.Bf4  1/2-1/2

[Event "MSS-ch"]
[Site "CZE"]
[Date "1997.??.??"]
[Round "?"]
[White "Obrdlik, Rostislav"]
[Black "Micanek, T."]
[Result "1-0"]
[WhiteElo "1970"]
[BlackElo "1785"]

1.e4 c5 2.Nf3 Nc6 3.Bb5 g6 4.O-O Bg7 5.Re1 e6 6.Bxc6 bxc6 7.e5 f6 8.d3 fxe5
9.Nxe5 Nf6 10.Nc3 O-O 11.Bg5 Qb6 12.Nc4 Qc7 13.h3 Nd5 14.Qd2 Bd4 15.Ne4 Nf6
16.Ned6 Ne8 17.Nxe8 Rxe8 18.c3 Bg7 19.Bh6 e5 20.Bxg7 Kxg7 21.f4 d6 22.fxe5 dxe5
23.Qe3 Ba6 24.Qxc5 Bxc4 25.Qxc4 Qb6+ 26.Kh2 Qxb2 27.Rab1 Qf2 28.Rf1 Qe2 29.Rb7+ Kh6
30.Rff7 Rh8 31.Qh4+ Qh5 32.Qe7 Qe2 33.Rxh7+ Rxh7 34.Qxh7+ Kg5 35.h4+ Kf4
36.Qh6+ Kf5 37.Rf7+ Ke6 38.Qxg6+ Kd5 39.Rd7+ Kc5 40.Qd6+ Kb6 41.Qb4+ Ka6
42.Rc7 Rb8 43.Qc4+ Ka5 44.Rxa7+ Kb6 45.Ra6+ Kc7 46.Rxc6+ Kd8 47.Qg8+ Kd7
48.Qe6+  1-0

[Event "MSS-ch"]
[Site "CZE"]
[Date "1997.??.??"]
[Round "?"]
[White "Prochazka, Jiri"]
[Black "Fuchs, Ludek"]
[Result "1/2-1/2"]
[WhiteElo "2005"]
[BlackElo "1840"]

1.e4 c5 2.Nf3 Nc6 3.Bb5 g6 4.O-O Bg7 5.Nc3 Nf6 6.Re1 O-O 7.d3 Nd4 8.Bc4 b6
9.e5 Ne8 10.Nxd4 cxd4 11.Bd5 Rb8 12.Nb5 Nc7 13.Nxc7 Qxc7 14.Bf4 e6 15.Bf3 Bb7
16.Bxb7 Qxb7 17.Qd2 Rfc8 18.Bh6 Bh8 19.Qe2 Rc5 20.f4 Rbc8 21.Rac1 Qa6 22.a3 Qa4
23.Qe4 Rxc2 24.Rxc2 Qxc2 25.Qxd4 Qc6 26.Re2  1/2-1/2

[Event "MSS-ch"]
[Site "CZE"]
[Date "1997.??.??"]
[Round "?"]
[White "Slamenik, J."]
[Black "Belunek, Vladimir"]
[Result "0-1"]
[WhiteElo "2015"]
[BlackElo "2245"]

1.e4 c5 2.Nf3 Nc6 3.Bb5 g6 4.c3 Nf6 5.Qe2 Bg7 6.O-O O-O 7.d3 d6 8.Rd1 Qc7
9.Nbd2 a6 10.Ba4 b5 11.Bc2 b4 12.Nf1 Rb8 13.Ne3 e6 14.h3 Nh5 15.d4 Nf4 16.Qf1 bxc3
17.bxc3 cxd4 18.cxd4 Nb4 19.Bb3 Bb7 20.Nc4 d5 21.Nce5 Nh5 22.Ba3 dxe4 23.Bxb4 exf3
24.Rac1 fxg2 25.Rxc7 gxf1=Q+ 26.Rxf1 Bxe5 27.dxe5 Rfc8 28.Rfc1 Nf4 29.R1c2 Rxc7
30.Rxc7 Bd5 31.Bd6 Ra8 32.Kh2 a5 33.Kg3 a4 34.Kxf4 axb3 35.axb3 Bxb3 36.Kg5 Kg7
37.h4 Ra4 38.f4 Bd1 39.h5 h6+ 40.Kh4 Bxh5 41.Kg3 g5 42.fxg5 hxg5 43.Be7 Kg6
44.Rc8 Re4 45.Bf6 Kf5 46.Rc1 Re3+ 47.Kg2 Kf4 48.Rc4+ Kf5 49.Rc1 Bf3+ 50.Kf2 Ra3
51.Re1 Kf4 52.Rc1 Ra2+ 53.Kg1 Rg2+ 54.Kf1 Rh2 55.Rc7 Rh7 56.Kf2 g4 57.Rc4+ Be4
58.Bg5+ Kxg5 59.Rxe4 Kf5 60.Re1 Rh3 61.Kg2 Rf3 62.Re2 Kf4 63.Re1 g3 64.Kg1 Rf2
65.Kh1 g2+  0-1

[Event "MSS-ch"]
[Site "CZE"]
[Date "1997.??.??"]
[Round "?"]
[White "Velicka, Petr"]
[Black "Volodin, Viktor"]
[Result "1-0"]
[WhiteElo "2405"]
[BlackElo "2305"]

1.e4 c5 2.Nf3 Nc6 3.Bb5 g6 4.Bxc6 dxc6 5.h3 Bg7 6.d3 e5 7.Be3 b6 8.a4 Ne7
9.a5 Rb8 10.Nbd2 f6 11.Nc4 O-O 12.Qc1 Be6 13.b3 Nc8 14.Bh6 Nd6 15.Bxg7 Kxg7
16.O-O Nb7 17.axb6 axb6 18.Ra7 Rf7 19.Qa1 Kg8 20.Qa6 Nd6 21.Rxf7 Bxf7 22.Nxd6 Qxd6
23.Qa7 Be6 24.Nd2 b5 25.Rb1 Bc8 26.Nf1 Rb7 27.Qa3 Rb6 28.Qa8 Rb8 29.Qa5 Bb7
30.Ra1 Ra8 31.Qc3 Rxa1 32.Qxa1 Qb8 33.Qa5 Qd6 34.Ne3 Kf7 35.Qa7 Qe7 36.Qb8 Kg7
37.Ng4 Qd7 38.Qa7 Qe7 39.h4 h5 40.Ne3 Kf7 41.Qb8 Kg7 42.g4 hxg4 43.h5 Qd7
44.hxg6 Kxg6 45.Nf5 Kg5 46.Qh8  1-0

[Event "MSS-ch"]
[Site "CZE"]
[Date "1997.??.??"]
[Round "?"]
[White "Vyskocil, Neklan"]
[Black "Miculka, Petr"]
[Result "1-0"]
[WhiteElo "2250"]
[BlackElo "1975"]

1.e4 c5 2.Nf3 Nc6 3.Bb5 e6 4.Bxc6 bxc6 5.d3 d5 6.Nbd2 Ba6 7.e5 Ne7 8.O-O Nf5
9.Re1 Be7 10.Nf1 c4 11.dxc4 Bxc4 12.Nd4 Nxd4 13.Qxd4 h5 14.Nd2 Ba6 15.Nf3 Qb6
16.Qf4 Qb4 17.Qe3 Qb6 18.Qd2 h4 19.h3 Rh5 20.b3 O-O-O 21.Bb2 c5 22.a3 d4
23.Qd1 Rf5 24.Bc1 Bb7 25.Nd2 Qc6 26.f3 Qd5 27.Nc4 Ba6 28.Qd3 Kb8 29.Bd2 f6
30.exf6 gxf6 31.Re4 Rg8 32.Rae1 e5 33.Rg4 Rh5 34.Qe4 Bb7 35.Na5 Ba8 36.Nc6+ Bxc6
37.Rxg8+ Qxg8 38.Qxc6 Qc8 39.Qb5+ Ka8 40.Re4 Rh8 41.Qc4 Qc7 42.Be1 Bd6 43.Rxh4 Rxh4
44.Bxh4 f5 45.Qd5+ Kb8 46.Bf6 e4 47.fxe4 Bh2+ 48.Kh1 fxe4 49.Qxe4 Bg3 50.Qe8+ Kb7
51.Qe7 Qxe7 52.Bxe7 Kc6 53.h4 Kd5 54.h5  1-0

[Event "MSS-ch"]
[Site "CZE"]
[Date "1997.??.??"]
[Round "?"]
[White "Vyskocil, Neklan"]
[Black "Nekula, Richard"]
[Result "1-0"]
[WhiteElo "2250"]
[BlackElo "2020"]

1.e4 c5 2.Nf3 Nc6 3.Bb5 e6 4.Bxc6 dxc6 5.d3 Ne7 6.Nc3 Ng6 7.e5 b6 8.Qe2 Be7
9.g3 Qc7 10.h4 h5 11.Bd2 Ba6 12.O-O-O b5 13.Rhe1 b4 14.Ne4 Qa5 15.Kb1 Rb8
16.b3 Bb5 17.Bg5 Rb6 18.Bxe7 Nxe7 19.Qe3 O-O 20.Qg5 Rd8 21.Qxe7 Ra6 22.Kc1 c4
23.Kd2 cxd3 24.Nd6 dxc2 25.Qxf7+ Kh8 26.Qxh5+ Kg8 27.Qf7+ Kh8 28.Rc1 Qb6
29.Re3 Qc5 30.Ke1 Qd5 31.Rxc2 c5 32.Rd2 Raxd6 33.exd6 Qc6 34.Re5  1-0

[Event "MSS-ch"]
[Site "CZE"]
[Date "1997.??.??"]
[Round "?"]
[White "Zelenka, M."]
[Black "Pisk, Petr"]
[Result "0-1"]
[WhiteElo "1910"]
[BlackElo "2305"]

1.e4 c5 2.Nf3 Nc6 3.Bb5 d6 4.O-O Bd7 5.d4 cxd4 6.Nxd4 Nf6 7.Nc3 e6 8.f4 Be7
9.Kh1 O-O 10.Be3 Qc7 11.Bd3 a6 12.Qf3 Rac8 13.Rae1 b5 14.Nce2 Rfe8 15.Ng3 Nxd4
16.Bxd4 e5 17.fxe5 dxe5 18.Be3 Bg4 19.Qf2 Bc5 20.Nf5 Bxf5 21.Qxf5 Qd7 22.Qxd7 Nxd7
23.c3 Bxe3 24.Rxe3 Nb6 25.Bc2 Nc4 26.Rd3 Red8 27.Rfd1 Rxd3 28.Rxd3 Nxb2 29.Rd7 Kf8
30.Bb3 Rxc3 31.Rxf7+ Ke8 32.Rf1 Nd3 33.h3 Rc1 34.Rxc1 Nxc1 35.Bg8 b4 36.Kg1 a5
37.Kf1 a4 38.Ke1 b3 39.axb3 a3  0-1

[Event "CZE-chT1b 9697"]
[Site "CZE"]
[Date "1997.??.??"]
[Round "?"]
[White "Karnik, Pavel"]
[Black "Maskova, Jana"]
[Result "1/2-1/2"]
[WhiteElo "2275"]
[BlackElo "2240"]

1.e4 c5 2.Nf3 Nc6 3.Bb5 d6 4.d4 cxd4 5.Qxd4 Bd7 6.Bxc6 Bxc6 7.Nc3 Nf6 8.Bg5 e6
9.O-O-O Be7 10.Qd3 Qa5 11.h4 O-O-O 12.Nd4 Rd7 13.f3 Kb8 14.Kb1 Rc8 15.g4 Ne8
16.Be3 Bf6 17.g5 Bxd4 18.Bxd4 e5 19.Bf2 Nc7 20.Qe3 Ne6 21.Rd2 Nd4 22.Rhd1 Rdc7
23.Qd3 Bb5 24.Nxb5 Nxb5 25.Qb3 Rc4 26.c3 a6 27.Rd3 f6 28.gxf6 gxf6 29.Be1  1/2-1/2

[Event "CZE-chT2 9798"]
[Site "CZE"]
[Date "1997.??.??"]
[Round "1.2"]
[White "Nemec, Pavel"]
[Black "Ptacnikova, Lenka"]
[Result "1-0"]
[WhiteElo "2275"]
[BlackElo "2280"]

1.e4 c5 2.Nf3 Nc6 3.Bb5 g6 4.c3 Bg7 5.d4 cxd4 6.cxd4 Nf6 7.Nc3 d5 8.e5 Ne4
9.O-O Nxc3 10.bxc3 O-O 11.Ba3 Qc7 12.Rc1 Bh6 13.Nd2 Rd8 14.f4 a6 15.Bd3 b5
16.Bc5 Rb8 17.Qe2 Na5 18.h4 Nc4 19.h5 Bf5 20.hxg6 Bxg6 21.Bxc4 bxc4 22.f5 Bh5
23.g4 Bxd2 24.Qxd2 Bxg4 25.Qg5+ Kh8 26.Bxe7 Qxe7 27.Qxe7 Rg8 28.Qf6+ Rg7
29.Rf2  1-0